000 00888cam a22002533a 4500
001 11263
003 PGUSA
005 20140828083234.0
008 040201s2004||||xxu|||||s|||||000 1 eng d
040 _aPGUSA
_beng
042 _adc
050 4 _aPQ
100 1 _aVerne, Jules,
_d1828-1905
245 1 4 _aThe Adventures of a Special Correspondent Among the Various Races and Countries of Central Asia :
_bBeing the Exploits and Experiences of Claudius Bombarnac of "The Twentieth Century"
_h[electronic resource] /
_cJules Verne
260 _bProject Gutenberg,
_c2004
506 _aPublic domain in the USA.
516 _aElectronic text
653 _aRailroad travel -- Fiction
653 _aReporters and reporting -- Fiction
653 _aVoyages and travels -- Fiction
830 0 _aProject Gutenberg
_v11263
856 4 0 _uhttp://www.gutenberg.org/ebooks/11263
942 _cEB
999 _c240518
_d240518